ر سو ل کر یم صلی ا للہ علیہ و سلم (Record no. 147034)

MARC details
000 -LEADER
fixed length control field 00931nam a22002177a 4500
005 - DATE AND TIME OF LATEST TRANSACTION
control field 20171129111243.0
010 ## - LCCN (DPL NO)
LC control number UR-9861
020 6# - INTERNATIONAL STANDARD BOOK NUMBER
Terms of availability 100.00
035 ## - SYSTEM CONTROL NUMBER
System control number U-8416
037 ## - SOURCE OF ACQUISITION
Source of stock number/acquisition DBAD/PUB
082 ## - DEWEY DECIMAL CLASSIFICATION NUMBER
Classification number 921
100 ## - MAIN ENTRY--PERSONAL NAME
Personal name متین طا ر ق با غپتی
245 ## - TITLE STATEMENT
Title ر سو ل کر یم صلی ا للہ علیہ و سلم
Statement of responsibility, etc متین طا ر ق با غپتی
246 ## - VARYING FORM OF TITLE
Remainder of title
Title proper/short title Rasool-e-Kareem S.A.W.Ki Samaji Zindagi
250 ## - EDITION STATEMENT
Edition statement by Mateen Tariq Baghpati
260 ## - PUBLICATION, DISTRIBUTION, ETC. (IMPRINT)
Place of publication, distribution, etc نئی د لی
Name of publisher, distributor, etc Merkazi Maktaba Islami Publishers
Date of publication, distribution, etc 2012
270 ## - ADDRESS
Address D307,Dawat Nagar,Abul Fazal Enclave,Jamia Nagar ,
City New Delhi
Postal code 110025
Telephone number 01126971652
Fax number -
300 ## - PHYSICAL DESCRIPTION
Extent 312ص
Dimensions 22 Cm.(B.b)
500 ## - GENERAL NOTE
General note دو حصہ
942 ## - ADDED ENTRY ELEMENTS (KOHA)
Source of classification or shelving scheme Dewey Decimal Classification
Item type Urdu Bks
Classification part 921
Call number suffix م ح م
Edition
Holdings
Withdrawn status Lost status Not for loan Collection code Home library Current library Date acquired Source of acquisition Cost, normal purchase price Full call number Barcode Copy number Cost, replacement price Koha item type
      Non-fiction Central Library Central Library 31/10/2017 DBAD/PUB. 100.00 921 م ح م U-8416 1 100.00 Urdu Bks

© Delhi Public Library
Hit Counter
free hit counter